Nr. 1 Hits in Deutschland 1994 - Statistiken

Allgemein
  • Dieses Quiz wurde 50 mal gespielt
  • Das Durchschnittsergebnis liegt bei 6 aus 12
Antwortstatistiken
Wochen auf Platz 1 Lied Interpret % Korrekt
10 Wochen Cotton Eye Joe Rednex
86%
9 Wochen I’d Do Anything for Love(But I Won’t Do That) Meat Loaf
73%
1 Woche Mmm Mmm Mmm Mmm Crash Test Dummies
64%
5 Wochen Streets of Philadelphia Bruce Springsteen
61%
3 Wochen The Sign Ace of Base
57%
2 Wochen Saturday Night Whigfield
50%
4 Wochen Eins, zwei, Polizei Mo-Do
45%
4 Wochen All for Love Bryan Adams, Rod Stewart& Sting
34%
4 Wochen Without You Mariah Carey
32%
9 Wochen I Swear All-4-One
30%
5 Wochen United Prince Ital Joe & Marky Mark
27%
4 Wochen Omen III Magic Affair
14%
Keine übereinstimmenden Quizze gefunden
Verteilung der Resultate
Anzahl Personen mit jedem Resultat
Perzentil nach korrekt beantworteten Fragen
Ihre Resultats-Entwicklung
Sie haben dieses Quiz noch nicht gespielt